[Event "ISEM CESMEALTI GM 2017"]
[Site "Izmir TUR"]
[Date "2017.03.08"]
[Round "1.5"]
[White "Khamrakulov,D"]
[Black "Gokerkan,Cem Kaan"]
[Result "1-0"]
[WhiteElo "2437"]
[BlackElo "2275"]

1.d4 Nf6 2.Nf3 e6 3.g3 c5 4.Bg2 cxd4 5.Nxd4 d5 6.O-O Be7 7.c4 O-O 8.cxd5 Nxd5
9.Nc3 Nc6 10.Nxd5 exd5 11.Be3 Bf6 12.Rc1 Ne5 13.Nb5 Nc4 14.Bc5 Nxb2 15.Qxd5
Qxd5 16.Bxd5 Rd8 17.Nc7 Bh3 18.Bg2 Bxg2 19.Kxg2 Rac8 20.Bxa7 Na4 21.Nd5 Rxc1
22.Nxf6+ gxf6 23.Rxc1 Rd2 24.Be3 Rxe2 25.Bh6 Nb6 26.Rc7 Re8 27.Rxb7 Nc4 28.a4
Nd6 29.Rb6 Nf5 30.Rxf6 Nxh6 31.Rxh6 Re2 32.a5 Ra2 33.a6 Kg7 34.Rb6 Ra3 35.g4
Kf8 36.f3 Ra5 37.Kg3 Ra4 38.h4 Kg7 39.g5 h5 40.gxh6+ Kh7 41.Rf6 Kg8 42.f4 Ra3+
43.Kg4 Ra5 44.Kf3 Ra4 45.Ke3 Ra3+ 46.Kd4 Ra1 47.Kc5 Rb1 48.a7 {#r} 1-0

[Event "ISEM CESMEALTI GM 2017"]
[Site "Izmir TUR"]
[Date "2017.03.08"]
[Round "2.3"]
[White "Yurtseven,M"]
[Black "Petkov,V"]
[Result "1-0"]
[WhiteElo "2316"]
[BlackElo "2501"]

1.e4 e5 2.Nf3 Nc6 3.d4 exd4 4.Nxd4 Bc5 5.Nb3 Bb6 6.Nc3 Nf6 7.Bg5 h6 8.Bh4 d6
9.Qe2 Ne5 10.Nd5 g5 11.Nxb6 axb6 12.Bg3 Bd7 13.h4 Ra4 14.Nd2 Rg8 15.hxg5 hxg5
16.a3 b5 17.O-O-O Qa8 18.f3 b4 19.Bxe5 dxe5 20.Kb1 bxa3 21.b3 Ra6 22.Nc4 Re6
23.Rh6 b5 24.Nxe5 Rxe5 25.Rxf6 Ke7 26.Rh6 Rh8 27.Rxh8 Qxh8 28.Qe3 c5 29.c3 Qb8
30.g3 Be6 31.f4 gxf4 32.gxf4 Rh5 33.f5 Bxb3 34.Qxc5+ Kf6 35.Rd6+ Kg7 36.Qe5+
Kh7 37.Rh6+ Rxh6 38.Qxb8 {#r} 1-0

[Event "ISEM CESMEALTI GM 2017"]
[Site "Izmir TUR"]
[Date "2017.03.08"]
[Round "2.5"]
[White "Erdogdu,M"]
[Black "Khamrakulov,D"]
[Result "0-1"]
[WhiteElo "2456"]
[BlackElo "2437"]

1.c4 e5 2.Nc3 Nf6 3.g3 d5 4.cxd5 Nxd5 5.Bg2 Nb6 6.e3 Nc6 7.Nge2 Qd3 8.O-O Bf5
9.f4 f6 10.fxe5 fxe5 11.Rf3 Bg4 12.Rf2 Qd7 13.Qf1 O-O-O 14.d4 Be7 15.dxe5 Rhf8
16.Nf4 g5 17.Nfd5 Nxe5 18.Bd2 Rxf2 19.Qxf2 Rf8 20.Qe1 Bd8 21.Nxb6+ axb6 22.e4
Nd3 23.Qe3 Be7 24.b4 Nxb4 25.Rf1 Rxf1+ 26.Kxf1 Nc2 {#R} 0-1

[Event "PRO League KO Stage 2017"]
[Site "chess.com INT"]
[Date "2017.03.08"]
[Round "2"]
[White "Gupta,Ab"]
[Black "Christiansen,Johan-Sebastian"]
[Result "1-0"]
[WhiteElo "2627"]
[BlackElo "2426"]

1.d4 d5 2.Bf4 Nf6 3.e3 c5 4.Nf3 Nc6 5.Nbd2 cxd4 6.exd4 Bf5 7.c3 e6 8.Qb3 Qd7
9.Ne5 Qc8 10.Bb5 a6 11.Bxc6+ bxc6 12.Qa4 Bd6 13.Nb3 Bxe5 14.Bxe5 O-O 15.Bxf6
gxf6 16.O-O Rb8 17.Qa3 Kh8 18.Rfe1 Rg8 19.Re3 Qb7 20.Rae1 Rg6 21.Qd6 Rbg8
22.Rg3 Rxg3 23.hxg3 Bc2 24.Nc5 Qxb2 25.Qe7 Bg6 26.Qxf6+ Rg7 27.g4 h6 28.Kh2
Qb8+ 29.f4 h5 30.gxh5 Bxh5 31.Re3 Bg6 32.Nd7 Qg8 33.Rh3+ Bh7 34.a3 a5 35.a4
Qe8 36.Rxh7+ Kxh7 37.Qh4+ Kg6 38.Qg5+ Kh7 39.Nf6+ Kh8 40.Qh6+ Rh7 41.Qxh7# 1-0

[Event "PRO League KO Stage 2017"]
[Site "chess.com INT"]
[Date "2017.03.08"]
[Round "2"]
[White "Aleskerov,F"]
[Black "Ashwin,J"]
[Result "1-0"]
[WhiteElo "2315"]
[BlackElo "2492"]

1.e4 c6 2.d4 d5 3.exd5 cxd5 4.Nf3 Nc6 5.c3 Bg4 6.h3 Bh5 7.Bb5 Qc7 8.g4 Bg6
9.Ne5 Be4 10.f3 Bxb1 11.Rxb1 e6 12.Qa4 Ne7 13.Bf4 Qc8 14.O-O a6 15.Bd3 b5
16.Qd1 Nxe5 17.Bxe5 Nc6 18.Bg3 Be7 19.f4 Na5 20.f5 exf5 21.Rxf5 Nc4 22.Qe2 Ra7
23.Rxd5 O-O 24.Rf1 g6 25.Bxc4 bxc4 26.Bf4 Qc6 27.Qf3 Rc8 28.Bh6 Bf8 29.Bxf8
Rxf8 30.Rd8 Qc7 31.Rxf8+ Kxf8 32.Kg2 Rb7 33.Rf2 Kg8 34.Qd5 Rb5 35.Qa8+ Rb8
36.Qxa6 Qe7 37.Qc6 Qe1 38.Qf3 Qe6 39.a4 Qd7 40.a5 Rb5 41.a6 Ra5 42.Qb7 Qxb7+
43.axb7 Rb5 44.Kf3 Rxb7 45.Ke4 Kf8 46.Kd5 Rc7 47.Kd6 Rc8 48.Kd7 Rb8 49.d5 Rb7+
50.Kc6 Rb8 51.d6 Ke8 52.Kc7 Ra8 53.d7+ Ke7 54.Re2+ Kf6 55.d8=Q+ {#r} 1-0

[Event "PRO League KO Stage 2017"]
[Site "chess.com INT"]
[Date "2017.03.08"]
[Round "2"]
[White "Sharafiev,A"]
[Black "Nagy,Ga1"]
[Result "1-0"]
[WhiteElo "2433"]
[BlackElo "2448"]

1.Nf3 Nf6 2.c4 c5 3.g3 b6 4.Bg2 Bb7 5.O-O g6 6.Nc3 Bg7 7.d4 cxd4 8.Qxd4 d6
9.Bg5 Nbd7 10.Qd2 Rc8 11.b3 O-O 12.Rac1 a6 13.Bh6 Rc5 14.Bxg7 Kxg7 15.Rfd1 Qa8
16.Qe3 Ne5 17.Na4 Nxf3+ 18.Bxf3 Re5 19.Bxb7 Qxb7 20.Qxb6 Qxb6 21.Nxb6 Rxe2
22.b4 Rxa2 23.c5 Rb2 24.c6 Rxb4 25.Rb1 Rxb1 26.Rxb1 Ne8 27.Nd5 e6 28.c7 Nxc7
29.Nxc7 Rc8 30.Rb7 Kf6 31.Nxa6 d5 32.Kf1 Rc1+ 33.Ke2 Rc2+ 34.Ke3 d4+ 35.Kf3 e5
36.Nb4 e4+ 37.Kxe4 Rxf2 38.h4 g5 39.Rb6+ Kg7 40.hxg5 Rg2 41.Kf3 Rb2 42.Nd5
Rxb6 43.Nxb6 Kg6 44.Kf4 d3 45.Nc4 f6 46.gxf6 Kxf6 47.Nd2 h5 48.Ne4+ Kg6 49.Nd2
Kf6 50.Nf3 Ke6 51.Ke4 Kf6 52.Kxd3 Kf5 53.Nh2 Kg5 54.Ke3 h4 55.Nf3+ Kg4 56.gxh4
Kg3 57.h5 Kg2 58.h6 Kf1 59.h7 Kg2 60.h8=Q Kf1 61.Qh3# 1-0

[Event "PRO League KO Stage 2017"]
[Site "chess.com INT"]
[Date "2017.03.08"]
[Round "2"]
[White "Sharafiev,A"]
[Black "Mihok,O"]
[Result "0-1"]
[WhiteElo "2433"]
[BlackElo "2516"]

1.Nf3 c5 2.c4 Nc6 3.Nc3 e5 4.e3 f5 5.d4 e4 6.d5 exf3 7.dxc6 dxc6 8.Qxd8+ Kxd8
9.gxf3 Nf6 10.b3 Bd6 11.Bb2 Ke7 12.f4 Be6 13.Rg1 g6 14.O-O-O Rhd8 15.h3 Kf7
16.Be2 Be7 17.Rxd8 Rxd8 18.Rd1 Rxd1+ 19.Kxd1 h6 20.Bf1 g5 21.fxg5 hxg5 22.Ke2
Kg6 23.f4 Nh5 24.Kf3 Bf6 25.fxg5 Kxg5 26.Na4 b6 27.Bg2 Bd7 28.Bxf6+ Nxf6
29.Nc3 b5 30.e4 b4 31.Na4 Nxe4 32.Ke3 Nc3 33.Nxc5 f4+ 34.Kd4 Bf5 35.a4 Kf6
36.Na6 Na2 37.c5 Nc1 38.Kc4 Bd3+ 39.Kxb4 Bxa6 40.Bxc6 Be2 41.h4 f3 42.Kc3 f2
43.Bg2 f1=Q 44.Bxf1 Bxf1 45.b4 Ne2+ 46.Kc4 Nf4+ 47.Kd4 a6 48.c6 Ke7 49.Kc5
Nd3+ 50.Kc4 Kd6 51.b5 axb5+ 52.axb5 Ne5+ 53.Kb4 Be2 54.Ka5 Kc7 55.h5 Bxh5
56.Ka6 Be2 {#R} 0-1

[Event "PRO League KO Stage 2017"]
[Site "chess.com INT"]
[Date "2017.03.08"]
[Round "2"]
[White "Salem,AR"]
[Black "Tari,A"]
[Result "0-1"]
[WhiteElo "2652"]
[BlackElo "2596"]

1.d4 Nf6 2.c4 g6 3.Nc3 d5 4.cxd5 Nxd5 5.e4 Nxc3 6.bxc3 Bg7 7.Bc4 c5 8.Ne2 O-O
9.Be3 Nc6 10.O-O b6 11.Rc1 Qc7 12.h4 Na5 13.Bd3 Bb7 14.h5 Qd7 15.f3 Rfd8
16.Qe1 Rac8 17.Qh4 cxd4 18.cxd4 Nc6 19.Bb5 a6 20.Bxc6 Bxc6 21.d5 Bb5 22.Rxc8
Rxc8 23.Rf2 e6 24.h6 Bf8 25.dxe6 fxe6 26.Qf6 Qe7 27.Qe5 Qd6 28.Qxd6 Bxd6
29.Bxb6 Rc2 30.Ng3 Rc6 31.e5 Bxe5 32.f4 Bh8 33.Rd2 Bg7 34.Rd8+ Bf8 35.Bd4 Rc1+
36.Kh2 Kf7 37.Be5 Rc4 38.Ne2 g5 39.fxg5 Rh4+ 40.Kg3 Rh5 41.g6+ hxg6 42.Nf4
Rg5+ 43.Kh2 Bxh6 44.Rh8 Rxe5 45.Rxh6 Rf5 46.g3 e5 47.Nxg6 Kg7 48.Nh4 Rf2+
49.Kg1 Rf1+ {#R} 0-1

[Event "PRO League KO Stage 2017"]
[Site "chess.com INT"]
[Date "2017.03.08"]
[Round "2"]
[White "Salem,AR"]
[Black "Haug,J"]
[Result "1-0"]
[WhiteElo "2652"]
[BlackElo "2303"]

1.d4 Nf6 2.c4 e6 3.Nf3 b6 4.a3 Ba6 5.Qb3 c5 6.d5 exd5 7.cxd5 Be7 8.Nc3 O-O
9.g3 d6 10.Bg2 Nbd7 11.O-O Re8 12.Re1 Rb8 13.a4 Ng4 14.Bf4 Bf8 15.Nb5 Ra8
16.e4 Nge5 17.Nd2 g5 18.Be3 Ng4 19.Nc4 Nxe3 20.Rxe3 Ne5 21.Nxe5 dxe5 22.Bh3
Bd6 23.Bf5 Bxb5 24.axb5 Qc7 25.Qd1 f6 26.Qh5 Re7 27.Qh6 Rf8 28.Be6+ Rxe6
29.dxe6 c4 30.h4 Bc5 31.Rf3 g4 32.Rxf6 Rxf6 33.Qxf6 Bd4 34.e7 Qc8 35.Rxa7 {#r}
1-0

[Event "PRO League KO Stage 2017"]
[Site "chess.com INT"]
[Date "2017.03.08"]
[Round "2"]
[White "Aradhya,Garg"]
[Black "Christiansen,Johan-Sebastian"]
[Result "0-1"]
[WhiteElo "2315"]
[BlackElo "2426"]

1.Nf3 c5 2.c4 Nc6 3.Nc3 g6 4.g3 Bg7 5.Bg2 e6 6.O-O Nge7 7.Ne4 d6 8.e3 O-O 9.d4
cxd4 10.exd4 d5 11.cxd5 Nxd5 12.b3 Qb6 13.Bb2 Rd8 14.Qd2 a5 15.Nc5 Qb4 16.Rfd1
b6 17.Ne4 a4 18.Ne5 Bb7 19.Nxc6 Bxc6 20.Qc1 a3 21.Bxa3 Qxa3 22.Qxc6 Rac8
23.Qb5 Rc2 24.Nd2 Bxd4 25.Nc4 Bxf2+ 26.Kh1 Qc5 27.Qxc5 Bxc5 28.Ne5 Rxg2 29.Nc6
Rc8 30.Kxg2 Ne3+ 31.Kf3 Nxd1 32.Na7 Ra8 33.Rxd1 Rxa7 34.a4 b5 35.axb5 Rb7
36.Rd8+ Kg7 37.Rd3 Rxb5 38.Rc3 f5 39.h3 Kf6 40.g4 e5 41.gxf5 gxf5 42.Ke2 e4
43.Rc4 Bd6 44.Rc6 Ke5 45.Rc3 f4 46.Kf2 Rc5 47.Rxc5+ Bxc5+ 48.Ke2 f3+ 49.Kf1
{#R} 0-1

[Event "PRO League KO Stage 2017"]
[Site "chess.com INT"]
[Date "2017.03.08"]
[Round "2"]
[White "Tari,A"]
[Black "Gupta,Ab"]
[Result "0-1"]
[WhiteElo "2596"]
[BlackElo "2627"]

1.c4 Nf6 2.Nc3 e5 3.Nf3 Nc6 4.g3 Bb4 5.Bg2 O-O 6.Nd5 Bc5 7.O-O d6 8.e3 a6 9.b3
Ba7 10.Bb2 Nxd5 11.cxd5 Ne7 12.Nh4 f5 13.f4 e4 14.g4 Nxd5 15.Nxf5 Bxf5 16.gxf5
Qe7 17.Qg4 Rae8 18.Kh1 Nf6 19.Qh4 Nd7 20.Qh5 Qf7 21.Qg5 h6 22.Qg6 Bb6 23.Rg1
Qxg6 24.fxg6 Nc5 25.Bc3 d5 26.Raf1 Nd3 27.f5 c5 28.Bh3 Bd8 29.f6 Bxf6 30.Bxf6
Rxf6 31.Rxf6 gxf6 32.g7 Re7 33.Bf5 Rxg7 34.Be6+ Kf8 35.Rxg7 Kxg7 36.Bxd5 b5
37.Bb7 a5 38.Kg2 f5 39.Ba6 b4 40.Kf1 Kf6 41.Ke2 Nc1+ 42.Kd1 Nd3 43.Ke2 Ne5
44.h3 Nf3 45.Kd1 Kg5 46.d3 Kf6 47.dxe4 fxe4 48.Bc8 Ke5 49.Ke2 h5 50.Bd7 h4
51.Bg4 Ng5 52.Kd2 Nf7 53.Kc2 Nd6 54.Be2 Kd5 55.Kd2 c4 56.Bg4 Nb5 57.bxc4+ Kxc4
58.Be6+ Kc5 59.Kc2 Na3+ 60.Kb3 Nb1 61.Kc2 Na3+ 62.Kb3 Nb5 63.Kc2 a4 64.Bf5 Nd6
65.Bd7 a3 66.Kb3 Nc4 67.Bf5 Na5+ 68.Kc2 Kd5 69.Bh7 Nc4 70.Kb3 Kc5 71.Bf5 Nxe3
72.Bxe4 Nc4 73.Bf5 Ne5 74.Be4 Nf7 75.Bf3 Ng5 76.Bg4 Ne4 77.Be6 Nd2+ 78.Ka4 Ne4
79.Kb3 Ng5 80.Bf5 Nf3 81.Ka4 Kc4 82.Be6+ Kc3 83.Bf7 Ne5 84.Be6 Nc4 85.Kb5 Nd2
86.Ka4 Nf3 87.Bf5 Nd4 88.Bg6 b3 89.Kxa3 Nc2+ 90.Ka4 bxa2 {#R} 0-1

[Event "PRO League KO Stage 2017"]
[Site "chess.com INT"]
[Date "2017.03.08"]
[Round "2"]
[White "Tari,A"]
[Black "Aradhya,Garg"]
[Result "1-0"]
[WhiteElo "2596"]
[BlackElo "2315"]

1.d4 Nf6 2.Nf3 d5 3.Bf4 c5 4.e3 Nc6 5.Nbd2 cxd4 6.exd4 Qb6 7.Nb3 Bf5 8.Bd3
Bxd3 9.Qxd3 Rc8 10.c3 e6 11.O-O Be7 12.Nbd2 O-O 13.a4 Rfd8 14.h3 h6 15.b4 Bd6
16.a5 Qc7 17.Bxd6 Qxd6 18.Rfe1 Nd7 19.b5 Ne7 20.a6 b6 21.c4 dxc4 22.Nxc4 Qd5
23.Ne3 Qa8 24.Rac1 e5 25.Rxc8 Qxc8 26.Ng4 Ng6 27.Qe3 exd4 28.Nxd4 h5 29.Nc6
Rf8 30.Nh2 Qc7 31.Nf3 Nf6 32.Ng5 Nd5 33.Qf3 Nf6 34.Qg3 Qd7 35.Qf3 Re8 36.Rd1
Qc7 37.Qd3 Nf4 38.Qd6 Ne2+ 39.Kf1 Qxd6 40.Rxd6 Nc3 41.Nxa7 Nfe4 42.Nxe4 Nxe4
43.Rd1 Nc3 44.Rc1 Na2 45.Rc8 Kf8 46.Rxe8+ Kxe8 47.Nc8 Kd7 48.a7 Kxc8 49.a8=Q+
Kc7 50.Qxa2 {#r} 1-0

[Event "PRO League KO Stage 2017"]
[Site "chess.com INT"]
[Date "2017.03.08"]
[Round "2"]
[White "Bacrot,E"]
[Black "Harvey,Marcus R"]
[Result "1-0"]
[WhiteElo "2695"]
[BlackElo "2275"]

1.d4 e6 2.Nf3 f5 3.g3 Nf6 4.Bg2 Be7 5.O-O O-O 6.c4 d6 7.Nc3 a5 8.Re1 Ne4 9.Qc2
Nxc3 10.bxc3 Nc6 11.e4 e5 12.d5 fxe4 13.Nd2 Nb8 14.c5 Na6 15.cxd6 cxd6 16.Nxe4
Bf5 17.Be3 b5 18.Qe2 Qd7 19.Rab1 Rab8 20.a4 Nc7 21.axb5 Rxb5 22.c4 Rxb1
23.Rxb1 Ra8 24.Qa2 Ne8 25.c5 dxc5 26.d6+ Be6 27.Qa1 Bxd6 28.Nxd6 Rd8 29.Nb7
Bf5 30.Nxd8 Bxb1 31.Qxb1 Qxd8 32.Bxc5 Nf6 33.h3 h5 34.Bb6 Qd2 35.Qa1 h4
36.Bxa5 Qd6 37.g4 e4 38.Qe1 Qc5 39.Bd2 {#r} 1-0

[Event "PRO League KO Stage 2017"]
[Site "chess.com INT"]
[Date "2017.03.08"]
[Round "2"]
[White "Bacrot,E"]
[Black "Edouard,R"]
[Result "1-0"]
[WhiteElo "2695"]
[BlackElo "2626"]

1.d4 e6 2.c4 b6 3.e4 Bb7 4.Bd3 f5 5.exf5 Bb4+ 6.Kf1 Nf6 7.c5 bxc5 8.a3 c4
9.Bxc4 Ba5 10.fxe6 dxe6 11.Qa4+ c6 12.Nf3 Bb6 13.Be3 Nd5 14.Bg5 Qc7 15.Nc3 O-O
16.Re1 Nxc3 17.bxc3 c5 18.Rxe6 Kh8 19.Re7 Qc8 20.d5 Bd8 21.Re8 Nd7 22.Qxd7
{#r} 1-0

[Event "PRO League KO Stage 2017"]
[Site "chess.com INT"]
[Date "2017.03.08"]
[Round "2"]
[White "Boros,De"]
[Black "Chirila,I"]
[Result "1-0"]
[WhiteElo "2441"]
[BlackElo "2522"]

1.Nf3 Nf6 2.d4 g6 3.Bg5 Bg7 4.Nbd2 d6 5.e3 c5 6.c3 O-O 7.Bc4 d5 8.Bd3 Nbd7
9.O-O b6 10.a4 a5 11.Qe2 Bb7 12.h3 Ne4 13.Bf4 Re8 14.Bb5 Nd6 15.Rfd1 Nxb5
16.axb5 Qc8 17.c4 cxd4 18.exd4 dxc4 19.Rac1 Bd5 20.Nxc4 Qb7 21.Ne3 Bxf3
22.Qxf3 Qxf3 23.gxf3 Rac8 24.Rc6 e5 25.Nd5 Rcd8 26.Bg5 f6 27.Be3 exd4 28.Bxd4
f5 29.Bxg7 Kxg7 30.Nc7 Nc5 31.Nxe8+ Rxe8 32.Rxb6 Na4 33.Rb7+ Kf6 34.Rd2 Kg5
35.Kg2 Re1 36.Rxh7 Rb1 37.f4+ {#r} 1-0

[Event "PRO League KO Stage 2017"]
[Site "chess.com INT"]
[Date "2017.03.08"]
[Round "2"]
[White "Finegold,B"]
[Black "Hilby,Craig"]
[Result "1-0"]
[WhiteElo "2481"]
[BlackElo "2380"]

1.d4 Nf6 2.c4 g6 3.Nc3 d5 4.Nf3 Bg7 5.Bg5 Ne4 6.cxd5 Nxg5 7.Nxg5 e6 8.Nf3 exd5
9.e3 O-O 10.b4 b6 11.b5 a6 12.a4 axb5 13.axb5 Rxa1 14.Qxa1 c5 15.bxc6 Nxc6
16.Bb5 Na5 17.O-O Bg4 18.Nd2 Qd6 19.Qa2 Rc8 20.Qb2 Bf8 21.Ba6 Ra8 22.Bd3 Be6
23.Rb1 Rb8 24.Nb5 Qe7 25.Rc1 Rc8 26.Rxc8 Bxc8 27.h3 Ba6 28.Qc2 Qb4 29.Nc3 Bxd3
30.Qxd3 Nb3 31.Nxd5 Qxd2 32.Qxb3 Qe1+ 33.Kh2 Qxf2 34.Qxb6 h5 35.Qf6 Qe1 36.Qe5
h4 37.Nf6+ Kh8 38.Ne4+ Kg8 39.d5 f5 40.Qe6+ Kg7 41.Qf6+ Kg8 42.Qxg6+ Bg7
43.Nf6+ Kf8 44.Qe8# 1-0

[Event "PRO League KO Stage 2017"]
[Site "chess.com INT"]
[Date "2017.03.08"]
[Round "2"]
[White "Li Chao2"]
[Black "Bykhovsky,An ISR"]
[Result "1-0"]
[WhiteElo "2720"]
[BlackElo "2496"]

1.d4 Nf6 2.c4 g6 3.Nf3 Bg7 4.g3 c6 5.Bg2 d5 6.O-O O-O 7.Nc3 dxc4 8.a4 a5 9.e4
Na6 10.Qe2 Bg4 11.Qxc4 Nb4 12.Bf4 Nd7 13.Rad1 e5 14.dxe5 Qc8 15.Qb3 Be6 16.Qa3
Re8 17.Rd2 Bg4 18.Qb3 Bxf3 19.Bxf3 Nxe5 20.Be2 Rd8 21.Rfd1 Qc7 22.h4 h6 23.Kg2
Qe7 24.Be3 Rxd2 25.Rxd2 Rd8 26.Bc5 Qe8 27.Rxd8 Qxd8 28.Bxb4 Qb6 29.Na2 axb4
30.Qxb4 Qxb4 31.Nxb4 Nd7 32.Nd3 Bd4 33.b4 Ne5 34.Ne1 g5 35.Nc2 Bc3 36.h5 Kf8
37.f4 gxf4 38.gxf4 Nd7 39.Bg4 Nb6 40.a5 Nc4 41.Bc8 c5 42.a6 bxa6 43.Bxa6 Nd2
44.bxc5 Nxe4 45.c6 Ba5 46.Ne3 Nd6 47.Bd3 Ke7 48.Ng4 f5 49.Nxh6 Kf6 50.Kf3 Bc7
51.Bc2 Bb8 52.Ng8+ Kf7 53.Bb3+ Kf8 54.h6 Nb5 55.Ke3 Ba7+ 56.Kd3 Bb8 57.Ne7
Kxe7 58.h7 {#r} 1-0

[Event "PRO League KO Stage 2017"]
[Site "chess.com INT"]
[Date "2017.03.08"]
[Round "2"]
[White "Chirila,I"]
[Black "Durarbayli,V"]
[Result "1-0"]
[WhiteElo "2522"]
[BlackElo "2627"]

1.Nf3 c5 2.c4 Nf6 3.Nc3 e6 4.g3 b6 5.Bg2 Bb7 6.O-O Be7 7.d4 cxd4 8.Qxd4 d6
9.Rd1 a6 10.Bg5 Nbd7 11.Qd2 O-O 12.Bf4 Ne8 13.Rac1 Rc8 14.b3 Qc7 15.e4 Ne5
16.Nd4 Nf6 17.Qe2 Qb8 18.a4 Qa8 19.h3 Rfe8 20.g4 Bf8 21.Bg3 Ng6 22.g5 Nd7
23.h4 Nc5 24.h5 Ne5 25.f4 Nc6 26.Nxc6 Bxc6 27.Qc2 b5 28.axb5 axb5 29.cxb5 Bb7
30.b4 Nd7 31.Qa4 Qb8 32.Bf2 d5 33.e5 Nxe5 34.fxe5 Qxe5 35.Qa7 Ba8 36.Qe3 Qb8
37.b6 Bxb4 38.Nb5 e5 39.Rxc8 Rxc8 40.Nc7 d4 41.Qxe5 Bxg2 42.Kxg2 Qxb6 43.Qxd4
Qc6+ 44.Nd5 Bf8 45.h6 Qg6 46.Qxg7+ Qxg7 47.hxg7 Kxg7 48.Nf4 Rc2 49.Kf3 Bc5
50.Bxc5 Rxc5 51.Kg4 h6 52.Nh5+ Kh7 53.Nf6+ Kg6 54.Ne4 Rc6 55.gxh6 Kxh6 56.Kf5
Kg7 57.Rg1+ Rg6 58.Rd1 Ra6 59.Rd7 Ra5+ 60.Kf4 Ra4 61.Kf5 Ra5+ 62.Kf4 Ra4
63.Rb7 Kg6 64.Rb6+ Kg7 65.Kf5 Ra5+ 66.Kf4 Ra4 67.Rb5 Kg6 68.Rg5+ Kh6 69.Rg1
Ra5 70.Nf6 Rb5 71.Nd7 Kh7 72.Ne5 Rb6 73.Kf5 Ra6 74.Nd7 Kh6 75.Ne5 Kh7 76.Rg2
Rb6 77.Nd7 Rb5+ 78.Kf6 Kh6 79.Ne5 Rb6+ 80.Kxf7 Kh5 81.Nd7 Ra6 82.Nf6+ Kh4
83.Kg6 Ra5 84.Ng8 Kh3 85.Rg1 Kh2 86.Rg4 Kh3 87.Nf6 Ra6 88.Rg1 Ra5 89.Kf7 Ra6
90.Ne4 Kh2 91.Rg8 Ra2 92.Kf6 Rg2 93.Rh8+ Kg1 94.Kf5 Rg7 95.Kf4 Rf7+ 96.Kg3 Kf1
97.Rh2 Ke1 98.Ng5 Rd7 99.Kf4 Kd1 100.Ne4 Kc1 101.Ke3 Rd8 102.Nc5 Rc8 103.Nd3+
Kb1 104.Rb2+ Ka1 105.Rb7 Ka2 106.Kd2 Ka3 107.Ke3 Ka2 108.Kd4 Rd8+ 109.Kc4 Rc8+
110.Nc5 Rh8 111.Kc3 Rh3+ 112.Nd3 Rg3 113.Rb2+ Ka1 114.Rf2 Kb1 115.Rd2 Rh3
116.Kb3 Rh1 117.Rb2+ Ka1 118.Rd2 Kb1 119.Nf4 Rf1 120.Ne2 Ka1 121.Ra2+ Kb1
122.Nc3+ Kc1 123.Rc2# 1-0

[Event "PRO League KO Stage 2017"]
[Site "chess.com INT"]
[Date "2017.03.08"]
[Round "2"]
[White "Yanovsky, Vlad"]
[Black "Cuevas,A"]
[Result "0-1"]
[WhiteElo "2096"]
[BlackElo "2288"]

1.e4 c5 2.Nf3 e6 3.d4 cxd4 4.Nxd4 a6 5.Bd3 Qc7 6.O-O Nf6 7.Qe2 d6 8.c4 g6 9.b3
Bg7 10.Bb2 O-O 11.Nc3 Nbd7 12.Rad1 b6 13.Bb1 Bb7 14.Qd2 Nc5 15.Rfe1 Rfe8
16.Nf3 Rad8 17.Re2 Ng4 18.Qf4 Ne5 19.Red2 Qe7 20.Ne2 Nxf3+ 21.Qxf3 Bxb2
22.Rxb2 d5 23.exd5 exd5 24.cxd5 Rxd5 25.Rxd5 Bxd5 26.Qxd5 Rd8 27.Be4 Rxd5
28.Bxd5 Qe5 29.Rd2 Qa1+ {#R} 0-1

[Event "PRO League KO Stage 2017"]
[Site "chess.com INT"]
[Date "2017.03.08"]
[Round "2"]
[White "Yanovsky, Vlad"]
[Black "Mareco,S"]
[Result "0-1"]
[WhiteElo "2096"]
[BlackElo "2664"]

1.e4 c5 2.Nf3 d6 3.d4 cxd4 4.Nxd4 Nf6 5.Nc3 a6 6.h3 e5 7.Nde2 h5 8.Ng1 b5
9.Nf3 Bb7 10.Bg5 Nbd7 11.a3 Be7 12.Bd3 Nc5 13.Qe2 Rc8 14.Rd1 Nfd7 15.Bxe7 Qxe7
16.O-O h4 17.Qe3 Ne6 18.Ne2 Ndc5 19.c3 Nxd3 20.Qxd3 Rd8 21.c4 Nc5 22.Qe3 Nxe4
23.cxb5 axb5 24.Qb3 Bc6 25.Rc1 Qb7 26.Rfd1 Nf6 27.Ne1 O-O 28.Qb4 Ne4 29.Nf3
Qb6 30.Rf1 Ng3 31.Rfe1 Bxf3 32.gxf3 Nf5 33.Qg4 g6 34.Nc3 Kg7 35.f4 exf4
36.Qxf4 Qd4 37.Qxd4+ Nxd4 38.Red1 Nb3 39.Rc2 Rb8 40.Rxd6 b4 41.axb4 Rxb4
42.Nd5 Rd4 43.Rc7 Rd2 44.Rdd7 Rxb2 45.Nf4 Kh6 46.Rxf7 Rxf7 47.Rxf7 g5 48.Nd5
Nd4 49.Rf6+ Kg7 50.Rd6 Nf3+ 51.Kg2 Ne5 52.Re6 Nd3 53.Re7+ Kf8 54.Re6 Rxf2+
55.Kg1 Kg7 56.Re7+ Kf8 57.Re3 Rd2 58.Nf6 Nf4 59.Nh7+ Kg7 60.Re7+ Kh6 61.Nf6
Nxh3+ 62.Kh1 Nf4 63.Ng4+ Kh5 64.Nf6+ Kg6 65.Ng4 Re2 66.Rxe2 Nxe2 67.Ne5+ Kf5
68.Nf3 Kf4 69.Ne1 g4 70.Kg2 Nd4 71.Nd3+ Kf5 72.Kh2 Ke4 73.Nf2+ Kf3 74.Nd3 Nc6
75.Ne1+ Kf4 76.Ng2+ Kg5 77.Ne3 Ne5 78.Kg2 Ng6 79.Nd5 Nf4+ {#R} 0-1

[Event "PRO League KO Stage 2017"]
[Site "chess.com INT"]
[Date "2017.03.08"]
[Round "2"]
[White "Henriquez Villagra,C"]
[Black "Arkell,K"]
[Result "1-0"]
[WhiteElo "2538"]
[BlackElo "2408"]

1.e4 c6 2.d4 d5 3.e5 c5 4.dxc5 Nc6 5.a3 Nxe5 6.b4 Nf6 7.Bb2 Nc6 8.Nf3 e6 9.Bb5
Be7 10.O-O O-O 11.Nbd2 Qc7 12.Qe2 Bd7 13.Rfe1 a5 14.c3 b6 15.cxb6 Qxb6 16.Bd3
Rfd8 17.b5 Nb8 18.a4 Be8 19.Ne5 Nfd7 20.Ndf3 Nxe5 21.Nxe5 f6 22.Nf3 e5 23.c4
Bf7 24.cxd5 Bxd5 25.Red1 Qe6 26.Be4 Bxe4 27.Rxd8+ Bxd8 28.Qxe4 Ra7 29.h3 Bb6
30.Rc1 Re7 31.Qa8 Re8 32.Qb7 h5 33.Qe4 Rd8 34.Rc2 Nd7 35.Rc6 Qb3 36.Bc1 Nc5
37.Qg6 Qd1+ 38.Kh2 Qxc1 39.Rxf6 Rf8 40.Rxf8+ Kxf8 41.Qxb6 Qf4+ 42.g3 Qxf3
43.Qxc5+ Kg8 44.h4 Kh7 45.b6 Qe4 46.Qe3 Qxa4 47.b7 {#r} 1-0

[Event "PRO League KO Stage 2017"]
[Site "chess.com INT"]
[Date "2017.03.08"]
[Round "2"]
[White "Henriquez Villagra,C"]
[Black "Rendle,T"]
[Result "1-0"]
[WhiteElo "2538"]
[BlackElo "2360"]

1.e4 e6 2.d4 d5 3.Nc3 Nf6 4.e5 Nfd7 5.f4 c5 6.Nce2 Nc6 7.Nf3 b5 8.Be3 Qa5+
9.Qd2 Qxd2+ 10.Kxd2 a6 11.dxc5 Nxc5 12.Ned4 Na5 13.Ke1 Nc4 14.Bc1 Ne4 15.Bd3
Bc5 16.a3 Bb7 17.b3 Nb6 18.Bb2 O-O 19.Ke2 Rae8 20.Rhf1 Nd7 21.b4 Ba7 22.a4
bxa4 23.Rxa4 Nb6 24.Ra2 Nc4 25.b5 Nxb2 26.Rxb2 axb5 27.Nxb5 Bc5 28.Nd2 Bc6
29.Bxe4 dxe4 30.Nd6 Bxd6 31.exd6 f5 32.Nc4 Bd5 33.Ne5 Rc8 34.Rfb1 Rfd8 35.d7
Ra8 36.c4 Bxc4+ 37.Nxc4 Rxd7 38.Rb8+ Rxb8 39.Rxb8+ Kf7 40.Ne5+ {#r} 1-0

[Event "PRO League KO Stage 2017"]
[Site "chess.com INT"]
[Date "2017.03.08"]
[Round "2"]
[White "Durarbayli,V"]
[Black "Ke,Ivan"]
[Result "1-0"]
[WhiteElo "2627"]
[BlackElo "2219"]

1.c4 c5 2.g3 g6 3.Bg2 Bg7 4.Nc3 Nc6 5.Nf3 e6 6.d4 cxd4 7.Nb5 d5 8.cxd5 Qa5+
9.Nd2 Qxb5 10.dxc6 Ne7 11.a4 Qb4 12.b3 Nxc6 13.Ba3 Qa5 14.O-O Bf8 15.Nc4 Qc7
16.Bxc6+ bxc6 17.Qxd4 Rg8 18.Nd6+ Bxd6 19.Bxd6 Qd8 20.Rfd1 Ba6 21.Qe4 Qd7
22.Be5 Qb7 23.Bf6 c5 24.Qe3 Qc6 25.Rac1 Bb7 26.f3 g5 27.Rxc5 Qb6 28.a5 Qb4
29.Rxg5 Rg6 30.Rxg6 fxg6 31.Qxe6+ Kf8 32.Bg5 Qc5+ 33.Be3 Qh5 34.Rd7 {#r} 1-0

[Event "PRO League KO Stage 2017"]
[Site "chess.com INT"]
[Date "2017.03.08"]
[Round "2"]
[White "Agrest,E"]
[Black "Pert,N"]
[Result "1-0"]
[WhiteElo "2593"]
[BlackElo "2565"]

1.d4 d5 2.Bf4 Nf6 3.e3 c5 4.c3 Nc6 5.Nd2 e6 6.Ngf3 Bd6 7.Bg3 O-O 8.Bb5 Bxg3
9.hxg3 Qb6 10.a4 cxd4 11.cxd4 Bd7 12.Qb3 Ne4 13.Nxe4 dxe4 14.Nd2 Na5 15.Qa3
Nc6 16.Nxe4 a6 17.Bd3 h6 18.Nc5 Rad8 19.O-O Bc8 20.Be4 a5 21.Bxc6 Qxc6 22.Rac1
b6 23.Nd3 Qe4 24.Rfd1 Bb7 25.Ne1 Rc8 26.b4 Bd5 27.bxa5 bxa5 28.Rc5 Rxc5
29.Qxc5 Ra8 30.Rc1 h5 31.Qc3 h4 32.f3 Qh7 33.gxh4 Qxh4 34.e4 Bb7 35.Qd2 Rd8
36.Nc2 f5 37.exf5 exf5 38.Rd1 Rd6 39.Ne3 Bc8 40.Qf2 Qh6 41.Nc4 Rc6 42.Ne5 Rc1
43.Re1 Be6 44.Nd3 Rc4 45.Nc5 Bd5 46.Qe2 Rxd4 47.Qe8+ Kh7 48.Nd7 Qg5 49.Nf8+
Kh6 50.Ne6 Bxe6 51.Qh8+ {#r} 1-0